| 000 | 00367 a2200109 4500 | ||
|---|---|---|---|
| 001 | ART_56375 | ||
| 005 | 20260410161609.0 | ||
| 008 | 260409a | ||
| 245 | 1 | 0 | _aEl marco conceptual, soporte de las normas internacionales de contabilidad |
| 100 | 1 | _aTua Pereda, Jorge | |
| 773 | 0 |
_tProfesional & Empresaria _g- Año XXIII, Nº 273 (jun. 2022) _wREV70 |
|
| 999 |
_c10484 _d10484 |
||